000 00498nam a2200169 i 4500
001 128458
003 ES-MaACL
005 20230906193306.0
007 t|
008 070511s1913 cu ||||1| spa d
100 1 _aTaboadela, José Antonio.
_9109035
245 1 0 _aNotas ligeras /
_cpor José Antonio Taboadela ; prólogo de Rafael Montero.
260 _aLa Habana :
_bLa Casanova,
_c1913.
300 _aXV, 139 p. ;
_c18 cm.
700 1 _aMontero, Rafael.
_982500
852 _aES-MaACL
_jF-4181
999 _c128458
_d128458